I 10 comuni più popolosi della Puglia - Statistics

Statistiche generali
  • Questo quiz è stato fatto 96 volte
    93 dall'ultimo reset
  • Il punteggio medio è 9 su 10
Statistiche sulle risposte
POPOLAZIONE COMUNE % Corretto
316.212 Bari
100%
145.723 Foggia
100%
186.798 Taranto
99%
82.268 Brindisi
97%
94.434 Lecce
97%
92.419 Barletta
95%
96.873 Andria
94%
70.108 Altamura
70%
57.020 Cerignola
60%
57.245 Molfetta
55%
Nessun quiz corrispondente trovato
Distribuzione punteggi
Percentuale di utenti per punteggio
Percentile per numero di risposta
I tuoi punteggi nel tempo
Non hai fatto questo quiz dall'ultimo reset